| 000 | 00562nam a22002057a 4500 | ||
|---|---|---|---|
| 003 | OSt | ||
| 005 | 20210423063354.0 | ||
| 008 | 210218s1968 ||||| |||| 00| 0 eng d | ||
| 040 |
_aeng _beng _cDLC |
||
| 041 | _aeng | ||
| 080 |
_a821.111 _bS-86 |
||
| 100 |
_9253 _aStout, Rex |
||
| 245 |
_aThe Rubber Band _b: Nero Wolfe _c/ by: Pyramid Books |
||
| 260 |
_aNew York _bPyramid Books _c1968 |
||
| 300 | _a189 p. | ||
| 365 | _b0.6 usd | ||
| 650 | 0 |
_9254 _aEnglish literature |
|
| 653 | _aინგლისური ლიტერატურა | ||
| 942 |
_2udc _cBK |
||
| 999 |
_c1532 _d1532 |
||